Musiikkia kirjaimittain- L - Statistics

Yleistilastot
  • Tätä visaa on pelattu 141 kertaa
  • Keskiarvotulos 5 / 17
Vastaustilastot
Kappaleet Maa Aktiivisena Artisti/bändi % Oikein
Raparperitaivas | Muotitietoinen Suomi 1978-2003 Leevi and the Leavings
77%
Sober | Tattoo Ruotsi 2004- Loreen
61%
Kesäsade | Miks ei Suomi 1993- Laura Voutilainen
58%
Would You Love a Monsterman? | It Snows in Hell Suomi 1992- Lordi
54%
Tämä on totta | Supersankari Suomi 1999- Laura Närhi
53%
Ei oo, ei tuu | Samppanjaa Suomi 1970- Lea Laven
50%
Royals | Green Light Uusi-Seelanti 2012- Lorde
39%
Orjanruusu | Nukkuvat aamut Suomi 1990-2024 Lauri Tähkä
34%
LoveGame | Marry the Night Yhdysvallat 2005- Lady Gaga
33%
Behind Blue Eyes | Rollin Yhdysvallat 1994- Limp Bizkit
18%
Leave Out All the Rest | Breaking the Habit Yhdysvallat 1996- Linkin Park
18%
Fuck you | The Fear Iso-Britannia 2006- Lily Allen
17%
Papukaija | Kimpale kultaa Suomi 1995-2011 Lauri Tähkä ja Elonkerjuu
8%
Love Me | Lollipop Yhdysvallat 1992- Lil wayne
8%
Tänään räjähtää | Sun vieres on lämmin Suomi 2001- Lord Est
8%
Something | Out of My Mind Belgia 2000- Lasgo
3%
Bedroom Floor | Teardrops Iso-Britannia 2008-2024 Liam Payne
3%
Ehtoja vastaavia visoja ei löytynyt
Tulosjakauma
Jokaisen tuloksen saaneiden osuus
Persentiili vastausten määrän mukaan
Tuloshistoriasi
Et ole pelannut tätä visaa